000 00446nam a22001697a 4500
003 MPLRDC
005 20220104143736.0
008 210129b ||||| |||| 00| 0 eng d
082 _a628.591 CDJ-2
100 _a蔡德金、尚岳编
245 _a魔窟: 汪伪特工总部七十六号
_c
250 _a一版一刷
260 _a
_b中国文史
_c1986
300 _b
650 _a中国现代史; 民国史
942 _cBK
_o628.591 CDJ-2
999 _c42892
_d42882